| 000 | 00808nam a22001937a 4500 | ||
|---|---|---|---|
| 005 | 20250822144532.0 | ||
| 010 | _aHIN-130272 | ||
| 020 |
_a9788195902798 _c200.00 |
||
| 035 | _aHN-102618 | ||
| 037 | _bवत्सल प्रकशन | ||
| 082 | _a821 | ||
| 100 |
_aअदीब, ज़ाकिर _984269 |
||
| 245 |
_aएहसास का दरिया/ _cज़ाकिर अदीब |
||
| 250 | _aप्रथम | ||
| 260 |
_aबीकानेर _bवत्सल प्रकशन _c2023 |
||
| 270 |
_aराजकीय नेत्रहीन विद्दालय के पास _bबीकानेर _e334003 _mvatsalprakashan@gmail.com |
||
| 300 |
_a80 पृ _c22सेमी (सजिल्द) |
||
| 942 |
_aDBAD _cHN _2ddc _h821 _mअदीब |
||
| 999 |
_c213119 _d213119 |
||